000 00388nam a22001697a 4500
005 20260402130213.0
008 160628b xxu||||| |||| 00| 0 eng d
020 _a978-0-099-51386-5
041 _aeng
082 _b823.912
100 _aWodhouse, P.G.
_92869
245 _aThe Clicking of Cuthbert
260 _bOneworld Book
300 _a224
650 _aManagement
942 _cBK
999 _c4424
_d4423